[Event "8. LGA Premium Cup 2011"]
[Site "Nürnberg"]
[Date "2011.09.09"]
[Round "3.43"]
[White "Afek, Yochanan"]
[Black "Miller, Eduard"]
[Result "1-0"]
[WhiteElo "2295"]
[BlackElo "2134"]
[PlyCount "135"]
[EventDate "2011.??.??"]
[WhiteTeam "Hamburger SK von 1830 eV"]
[BlackTeam "SC Forchheim e.V."]

1. c4 Nf6 2. Nc3 c5 3. Nf3 Nc6 4. g3 g6 5. Bg2 Bg7 6. O-O O-O 7. d4 cxd4 8.
Nxd4 Nxd4 9. Qxd4 d6 10. Qh4 Rb8 11. Be3 a6 12. Rfd1 Qa5 13. Ba7 Ra8 14. Bd4 g5
15. b4 Qxb4 16. Qxg5 e5 17. Rab1 Qxc4 18. Rbc1 h6 19. Qh4 exd4 20. Nd5 Qxd5 21.
Bxd5 Nxd5 22. Rxd4 Bxd4 23. Qxd4 Be6 24. e4 Ne7 25. Qf6 Nc6 26. Qxh6 Rfc8 27.
Rd1 Ne5 28. Rxd6 Rc5 29. h3 Rac8 30. a3 Nc4 31. Rd1 Nxa3 32. f4 Rc1 33. Rxc1
Rxc1+ 34. Kf2 Rc2+ 35. Ke3 Rc3+ 36. Kf2 Rc2+ 37. Ke1 Rc1+ 38. Kd2 Rc2+ 39. Kd3
Rc6 40. Qg5+ Kf8 41. Qd8+ Kg7 42. f5 Ba2 43. Ke3 Nc4+ 44. Kf4 f6 45. g4 Ne5 46.
Qe7+ Nf7 47. h4 b5 48. g5 a5 49. gxf6+ Rxf6 50. e5 Rh6 51. e6 Rf6 52. exf7 Rxf7
53. Qe5+ Kh7 54. f6 Bc4 55. Kg5 a4 56. Qe4+ Kg8 57. Qe8+ Kh7 58. h5 Ra7 59. Qe3
Rf7 60. Qd4 Rf8 61. Qe4+ Kh8 62. Qe5 Rf7 63. Qb8+ Kh7 64. Qa8 Rc7 65. Qe4+ Kh8
66. Kg6 Bf7+ 67. Kh6 Bg8 68. f7 1-0

[Event "8. LGA Premium Cup 2011"]
[Site "Nürnberg"]
[Date "2011.09.09"]
[Round "3.44"]
[White "Hund, Gerhard"]
[Black "Meier, Volker"]
[Result "0-1"]
[WhiteElo "1987"]
[BlackElo "2242"]
[PlyCount "40"]
[EventDate "2011.??.??"]
[WhiteTeam "SK Mering"]
[BlackTeam "SC Tarrasch 45 München"]

1. d4 Nf6 2. Bf4 g6 3. Nc3 d5 4. Nf3 c6 5. Qd2 Bf5 6. h3 Bg7 7. O-O-O b5 8.
Bxb8 Rxb8 9. Ne5 Qb6 10. f3 O-O 11. g4 Be6 12. h4 c5 13. e3 c4 14. g5 Nh5 15.
e4 dxe4 16. fxe4 Rfd8 17. Nd5 Bxd5 18. exd5 Rxd5 19. Qh2 Bxe5 20. dxe5 Qe3+ 0-1

[Event "8. LGA Premium Cup 2011"]
[Site "Nürnberg"]
[Date "2011.09.09"]
[Round "3.45"]
[White "Siedentopf, Daniel"]
[Black "Arnold, Max"]
[Result "1-0"]
[WhiteElo "2237"]
[BlackElo "2126"]
[PlyCount "57"]
[EventDate "2011.??.??"]
[WhiteTeam "SG Grün-Weiß Dresden"]
[BlackTeam "SF Pfalzgrafenweiler"]

1. d4 Nf6 2. c4 e6 3. Nc3 Bb4 4. e3 b6 5. Nge2 c5 6. a3 Ba5 7. Rb1 Na6 8. g3
Bb7 9. d5 b5 10. Bg2 bxc4 11. e4 O-O 12. O-O exd5 13. exd5 d6 14. Qa4 Re8 15.
Qxc4 Nc7 16. b4 cxb4 17. axb4 Bb6 18. Nd4 Nd7 19. Bf4 Ne5 20. Bxe5 Rxe5 21.
Rbd1 a5 22. b5 Qf6 23. Na4 Nxd5 24. Nc6 Bxc6 25. bxc6 Nb4 26. Nxb6 Rc5 27. Qg4
h5 28. Qh3 Re8 29. Nd7 1-0

[Event "8. LGA Premium Cup 2011"]
[Site "Nürnberg"]
[Date "2011.09.09"]
[Round "3.47"]
[White "Schöneberg, Manfred"]
[Black "Walter, Florian"]
[Result "1/2-1/2"]
[WhiteElo "2230"]
[BlackElo "2088"]
[PlyCount "33"]
[EventDate "2011.??.??"]
[WhiteTeam "SG Leipzig"]
[BlackTeam "SV Lauf a.d.P."]

1. e4 g6 2. d4 Bg7 3. Nc3 d6 4. Nf3 Nd7 5. Bc4 e6 6. O-O a6 7. a4 b6 8. Re1 Ne7
9. Bg5 h6 10. Be3 O-O 11. Qd2 Kh7 12. Rad1 Bb7 13. Bb3 Nf6 14. e5 Nfd5 15. Nxd5
Nxd5 16. c3 Nxe3 17. Qxe3 1/2-1/2

[Event "8. LGA Premium Cup 2011"]
[Site "Nürnberg"]
[Date "2011.09.09"]
[Round "3.48"]
[White "Löw, Gerald"]
[Black "Steinmüller, Alexander"]
[Result "1/2-1/2"]
[WhiteElo "2215"]
[BlackElo "1952"]
[PlyCount "57"]
[EventDate "2011.??.??"]
[WhiteTeam "TSV Bindlach Aktionär-Schachabte"]
[BlackTeam "SV Puschendorf 1949 e.V."]

1. c4 e5 2. g3 Nc6 3. Bg2 Bc5 4. Nc3 a6 5. e3 Ba7 6. Nge2 d6 7. b3 h5 8. h4 Be6
9. Bb2 Nge7 10. d4 exd4 11. Nxd4 Nxd4 12. exd4 d5 13. c5 Qd7 14. b4 Rh6 15. Bc1
Bg4 16. f3 Re6+ 17. Kf2 Bf5 18. Bf4 Rg6 19. Qd2 Bb8 20. Rhe1 Kf8 21. Re2 Re6
22. Rae1 Ng6 23. Rxe6 Bxe6 24. Bf1 Bf5 25. Qe3 Nxf4 26. Qxf4 f6 27. Qe3 Ba7 28.
Bd3 Bxd3 29. Qxd3 1/2-1/2

[Event "8. LGA Premium Cup 2011"]
[Site "Nürnberg"]
[Date "2011.09.09"]
[Round "3.49"]
[White "Bartsch, Berthold"]
[Black "Hörmann, Gunther"]
[Result "1-0"]
[WhiteElo "2213"]
[BlackElo "2025"]
[PlyCount "75"]
[EventDate "2011.??.??"]
[WhiteTeam "SC Forchheim e.V."]
[BlackTeam "TSV Cadolzburg e.V."]

1. e4 d5 2. exd5 Qxd5 3. Nc3 Qa5 4. Rb1 e5 5. Bc4 Nf6 6. Qe2 Bg4 7. f3 Bf5 8.
d4 Nfd7 9. f4 Nc6 10. Nf3 f6 11. fxe5 O-O-O 12. O-O Bg4 13. Qe4 Bxf3 14. gxf3
Nxd4 15. e6 Ne5 16. Bb3 f5 17. Qf4 g5 18. Qg3 g4 19. fxg4 Nxg4 20. Bg5 Bc5 21.
Kh1 Rdg8 22. Qf4 Nxb3 23. axb3 Nf2+ 24. Rxf2 Bxf2 25. Bf6 Qc5 26. Qf3 Bd4 27.
Bxh8 Rxh8 28. Rf1 Rf8 29. Nd5 Bf6 30. Qxf5 Bd8 31. Qxf8 Qxd5+ 32. Qf3 Qxe6 33.
Qf5 Qxf5 34. Rxf5 h6 35. Kg2 Kd7 36. Kf3 Ke6 37. Kf4 b6 38. Rh5 1-0

[Event "8. LGA Premium Cup 2011"]
[Site "Nürnberg"]
[Date "2011.09.09"]
[Round "3.50"]
[White "Künstler, Christian"]
[Black "Wagner, Florian"]
[Result "1-0"]
[WhiteElo "2075"]
[BlackElo "2240"]
[PlyCount "101"]
[EventDate "2011.??.??"]
[WhiteTeam "SK 1929 Mainaschaff"]
[BlackTeam "SC Noris-Tarrasch Nürnberg 1873"]

1. d4 d6 2. g3 g6 3. Bg2 Bg7 4. Nf3 Nf6 5. O-O O-O 6. c4 a6 7. Nc3 Nc6 8. b3 e6
9. Bb2 Rb8 10. Rc1 Bd7 11. a3 b5 12. cxb5 axb5 13. b4 Ne7 14. e4 Nc8 15. Qd3
Bh6 16. Rcd1 Ne8 17. Bc1 Bxc1 18. Rxc1 f6 19. Nd2 e5 20. f4 exd4 21. Qxd4 c6
22. a4 bxa4 23. Nxa4 Nc7 24. Qc4+ Kg7 25. Nb2 c5 26. Nd3 Bb5 27. Qc3 Bxd3 28.
Qxd3 Rxb4 29. Nc4 Nb6 30. Nxb6 Rxb6 31. e5 Ne6 32. exd6 Rxd6 33. Qc4 Re8 34.
Rfe1 Rd4 35. Qb5 Rb4 36. Qc6 Rb6 37. Qd5 Rd6 38. Qb7+ Re7 39. Qe4 Rc7 40. f5
Nd4 41. fxg6 hxg6 42. Qd3 Nf5 43. Qc4 Rd2 44. Kh1 Qd4 45. Qb3 Qd6 46. Qb5 Re7
47. Rxe7+ Qxe7 48. Qb7 Qxb7 49. Bxb7 Ne3 50. Kg1 Rg2+ 51. Bxg2 1-0

[Event "8. LGA Premium Cup 2011"]
[Site "Nürnberg"]
[Date "2011.09.09"]
[Round "3.51"]
[White "Kunz, Konstantin"]
[Black "Karasek, Christian"]
[Result "1-0"]
[WhiteElo "2107"]
[BlackElo "2038"]
[PlyCount "119"]
[EventDate "2011.??.??"]
[WhiteTeam "SC Kitzingen von 1905"]
[BlackTeam "SC Noris-Tarrasch Nürnberg 1873"]

1. d4 f5 2. Nf3 Nf6 3. c4 g6 4. g3 Bg7 5. Bg2 d6 6. O-O Nc6 7. d5 Ne5 8. Nd4
O-O 9. Qc2 Bd7 10. f4 Neg4 11. e3 Qc8 12. Nc3 c6 13. h3 Nh6 14. Kh2 e5 15. dxe6
Bxe6 16. Qd3 Kh8 17. b3 Rd8 18. Nxe6 Qxe6 19. Rb1 Nf7 20. Bb2 Re8 21. Rfe1 Ne4
22. Nxe4 fxe4 23. Bxg7+ Kxg7 24. Qd2 b6 25. Rbd1 Rad8 26. Qb2+ Qf6 27. Qxf6+
Kxf6 28. Rd4 d5 29. cxd5 cxd5 30. g4 Rd6 31. Rc1 Re7 32. g5+ Kg7 33. h4 Nd8 34.
Rcd1 Nc6 35. Rxe4 Red7 36. Re8 Ne7 37. Bh3 Rc7 38. Rd2 Kf7 39. Rh8 Kg7 40. Ra8
Rdc6 41. Kg3 a5 42. h5 h6 43. Kh4 Rc3 44. Re2 hxg5+ 45. fxg5 gxh5 46. Rb8 Ng6+
47. Kxh5 d4 48. Rxb6 Ne5 49. Be6 Rxe3 50. Rf2 Re1 51. Rh2 d3 52. Rb8 Re2 53.
Rh3 Rg2 54. Rd8 d2 55. Rd5 Ng6 56. Rf3 Re7 57. Rf6 Rxe6 58. Rxg6+ Rxg6 59. Rd7+
Kf8 60. Kxg6 {Rest unklar} 1-0

[Event "8. LGA Premium Cup 2011"]
[Site "Nürnberg"]
[Date "2011.09.09"]
[Round "3.52"]
[White "Fiedler, Wolfgang"]
[Black "Schuster, Karsten"]
[Result "0-1"]
[WhiteElo "1959"]
[BlackElo "2197"]
[PlyCount "54"]
[EventDate "2011.??.??"]
[WhiteTeam "SC Forchheim e.V."]
[BlackTeam "SC Gröbenzell"]

1. Nf3 Nf6 2. g3 b6 3. Bg2 Bb7 4. c4 e6 5. Nc3 Be7 6. d4 O-O 7. O-O Ne4 8. Nxe4
Bxe4 9. Ne1 Bxg2 10. Nxg2 f5 11. Qd3 Nc6 12. Bd2 Bf6 13. Bc3 Qe7 14. e4 fxe4
15. Qxe4 Qf7 16. Rac1 Rad8 17. Ne3 g6 18. d5 exd5 19. Qxd5 Bxc3 20. Qxf7+ Rxf7
21. Rxc3 d6 22. Ng4 Kg7 23. Re3 Rdf8 24. f4 g5 25. Re4 Nb4 26. Ne3 gxf4 27.
gxf4 Nd3 0-1

[Event "8. LGA Premium Cup 2011"]
[Site "Nürnberg"]
[Date "2011.09.09"]
[Round "3.53"]
[White "Ter-Akopyan, Bagrat"]
[Black "Hirschberg, Valerian"]
[Result "0-1"]
[WhiteElo "2023"]
[BlackElo "2236"]
[PlyCount "62"]
[EventDate "2011.??.??"]
[WhiteTeam "SV Puschendorf 1949 e.V."]
[BlackTeam "Karlsruher SF 1853"]

1. Nf3 Nf6 2. g3 c5 3. Bg2 g6 4. d3 d5 5. O-O Bg7 6. Nbd2 Nc6 7. c3 O-O 8. e4
e5 9. exd5 Nxd5 10. Ne4 b6 11. Ne1 h6 12. c4 Nde7 13. a3 Be6 14. Nc2 f5 15. Nc3
Qd7 16. Qe2 Rad8 17. Rd1 a5 18. Rb1 Nd4 19. Nxd4 Qxd4 20. Nb5 Qd7 21. b4 Bxc4
22. Nc3 Bxd3 23. Bd5+ Nxd5 24. Rxd3 Nxc3 25. Rxc3 e4 26. Qc4+ Qf7 27. Qxf7+
Rxf7 28. Rc4 cxb4 29. axb4 Rd1+ 30. Kg2 a4 31. b5 a3 0-1

[Event "8. LGA Premium Cup 2011"]
[Site "Nürnberg"]
[Date "2011.09.09"]
[Round "3.54"]
[White "Maurer, Christian"]
[Black "Kordts, Wolfgang"]
[Result "1/2-1/2"]
[WhiteElo "2039"]
[BlackElo "2152"]
[PlyCount "32"]
[EventDate "2011.??.??"]
[WhiteTeam "SK Kelheim 1920"]
[BlackTeam "SW Nürnberg Süd e.V."]

1. d4 Nf6 2. Nf3 e6 3. e3 c5 4. Bd3 Nc6 5. O-O d5 6. b3 Bd6 7. Bb2 Qc7 8. Nbd2
O-O 9. c4 cxd4 10. exd4 Re8 11. Re1 Bf8 12. Rc1 Bd7 13. a3 a5 14. Ne5 Red8 15.
cxd5 exd5 16. Ndf3 g6 1/2-1/2

[Event "8. LGA Premium Cup 2011"]
[Site "Nürnberg"]
[Date "2011.09.09"]
[Round "3.55"]
[White "Promyshlyanskyy, Vitaliy"]
[Black "Laschenko, Sergej"]
[Result "1-0"]
[WhiteElo "2182"]
[BlackElo "1881"]
[PlyCount "94"]
[EventDate "2011.??.??"]
[WhiteTeam "SC Noris-Tarrasch Nürnberg 1873"]
[BlackTeam "SC Fulda"]

1. e4 c5 2. Nc3 Nc6 3. Bb5 e6 4. Bxc6 bxc6 5. d3 Nf6 6. f4 d5 7. Qe2 Be7 8. Nf3
Qc7 9. O-O Ba6 10. e5 Nd7 11. b3 g6 12. Na4 Bb5 13. Nb2 h5 14. c4 Ba6 15. Na4
Nb6 16. Nc3 Bc8 17. Ba3 Nd7 18. Na4 Qa5 19. Qf2 Bb7 20. Rac1 Nb6 21. Bxc5 Nxa4
22. Bxe7 Kxe7 23. bxa4 Rhc8 24. Qh4+ Ke8 25. Qf6 Qd8 26. Qh8+ Kd7 27. Qg7 Qf8
28. Qxf8 Rxf8 29. cxd5 cxd5 30. Nd2 Rfc8 31. Nb3 Rxc1 32. Rxc1 Kd8 33. Nc5 Bc8
34. Rc3 a6 35. Kf2 Ra7 36. Ke3 Rc7 37. Kd4 Rc6 38. Rb3 Kc7 39. a5 Kd8 40. Rb8
Kc7 41. Ra8 Kd8 42. g3 Ke7 43. Ra7+ Kf8 44. a3 Kg7 45. Ra8 Kh6 46. Rb8 g5 47.
Rb6 Rc7 1-0

[Event "8. LGA Premium Cup 2011"]
[Site "Nürnberg"]
[Date "2011.09.09"]
[Round "3.56"]
[White "Wörl, Richard"]
[Black "Hess, Christian"]
[Result "1/2-1/2"]
[WhiteElo "1941"]
[BlackElo "2179"]
[PlyCount "57"]
[EventDate "2011.??.??"]
[WhiteTeam "SW Nürnberg Süd e.V."]
[BlackTeam "Koenigsspr.SC.1984 e.V."]

1. e4 c6 2. d4 d5 3. exd5 cxd5 4. Nf3 Nc6 5. c3 Qc7 6. Na3 a6 7. Nc2 Bg4 8. Ne3
Bxf3 9. Qxf3 e6 10. Bd3 Nf6 11. Ng4 Nd7 12. Bf4 Bd6 13. Bxd6 Qxd6 14. Ne3 O-O
15. Rd1 Nf6 16. O-O b5 17. a3 Rab8 18. Qh3 Qf4 19. Rde1 h6 20. f3 a5 21. g3 Qd6
22. f4 b4 23. axb4 axb4 24. g4 Ne4 25. Bxe4 dxe4 26. g5 bxc3 27. bxc3 Rb3 28.
gxh6 g6 29. Ng4 1/2-1/2

[Event "8. LGA Premium Cup 2011"]
[Site "Nürnberg"]
[Date "2011.09.09"]
[Round "3.57"]
[White "Hartmann, Thomas"]
[Black "Fuchs, Judith"]
[Result "0-1"]
[WhiteElo "1932"]
[BlackElo "2189"]
[PlyCount "72"]
[EventDate "2011.??.??"]
[WhiteTeam "SC Weisse Dame Ulm e.V."]
[BlackTeam "Hamburger SK von 1830 eV"]

1. d4 Nf6 2. c4 g6 3. Nc3 Bg7 4. e4 d6 5. h3 a6 6. Bg5 O-O 7. Nge2 c5 8. dxc5
Qa5 9. Bd2 Qxc5 10. Ng3 Be6 11. Rc1 Nbd7 12. Nd5 Bxd5 13. cxd5 Qb6 14. b4 h5
15. Bd3 Rfc8 16. Qb3 Ne5 17. Rxc8+ Rxc8 18. Ne2 Nfd7 19. O-O Nc5 20. bxc5 Qxb3
21. axb3 Nxd3 22. cxd6 exd6 23. Nf4 Nc5 24. Rc1 Re8 25. Bb4 Nxe4 26. Rc7 b6 27.
Rc6 a5 28. Ba3 b5 29. f3 b4 30. Bxb4 axb4 31. fxe4 Rxe4 32. Rc8+ Kh7 33. Rc4
Bd4+ 34. Kh2 Rxf4 35. Kg3 Be5 36. Rxf4 g5 0-1

[Event "8. LGA Premium Cup 2011"]
[Site "Nürnberg"]
[Date "2011.09.09"]
[Round "3.58"]
[White "Siegel, Adrian"]
[Black "Seibold, Hubert"]
[Result "1/2-1/2"]
[WhiteElo "1992"]
[BlackElo "2146"]
[PlyCount "41"]
[EventDate "2011.??.??"]
[WhiteTeam "ASK Rèti"]
[BlackTeam "SK Zirndorf e.V."]

1. d4 Nf6 2. Nf3 g6 3. Bg5 Bg7 4. Nbd2 d6 5. e4 O-O 6. c3 c5 7. d5 e6 8. dxe6
Bxe6 9. Bc4 d5 10. exd5 Bxd5 11. O-O Nc6 12. Qc2 Bxc4 13. Nxc4 Qc7 14. a4 b6
15. Bh4 Nh5 16. Rfe1 Rfe8 17. Re4 Rxe4 18. Qxe4 Nf6 19. Qc2 Re8 20. Bg3 Qc8 21.
Nd6 1/2-1/2

[Event "8. LGA Premium Cup 2011"]
[Site "Nürnberg"]
[Date "2011.09.09"]
[Round "3.59"]
[White "Feldheim, Jonas"]
[Black "Höfelsauer, Thomas"]
[Result "0-1"]
[WhiteElo "1987"]
[BlackElo "2185"]
[PlyCount "36"]
[EventDate "2011.??.??"]
[WhiteTeam "SC Erlangen 48/88 e.V."]
[BlackTeam "SK München Südost e.V."]

1. e4 c6 2. Nc3 d5 3. Nf3 Bg4 4. h3 Bxf3 5. Qxf3 dxe4 6. Nxe4 Nd7 7. d4 Ngf6 8.
Nxf6+ Nxf6 9. c3 e6 10. Bg5 Be7 11. Bd3 Nd5 12. Bxe7 Qxe7 13. Qg3 Qf6 14. O-O
Nf4 15. Rfe1 g5 16. Re5 O-O-O 17. b4 Nxd3 18. Qxd3 Qxe5 0-1

[Event "8. LGA Premium Cup 2011"]
[Site "Nürnberg"]
[Date "2011.09.09"]
[Round "3.60"]
[White "Grafe, Wilhelm"]
[Black "Süß, Helmut"]
[Result "1-0"]
[WhiteElo "2182"]
[BlackElo "1871"]
[PlyCount "105"]
[EventDate "2011.??.??"]
[WhiteTeam "SC Forchheim e.V."]
[BlackTeam "SC Noris-Tarrasch Nürnberg 1873"]

1. Nf3 Nf6 2. d4 e6 3. g3 b6 4. Bg2 Bb7 5. O-O d6 6. c4 Nbd7 7. Nc3 Be7 8. Qc2
O-O 9. Rd1 d5 10. Ne5 c6 11. e4 Qc8 12. b3 dxe4 13. Nxd7 Nxd7 14. Nxe4 h6 15.
Bf4 Nf6 16. Nd6 Bxd6 17. Bxd6 Rd8 18. Be7 Rd7 19. Bxf6 gxf6 20. Qe4 Qf8 21. Qf4
Qg7 22. Rd2 Qg5 23. Qe3 Qxe3 24. fxe3 f5 25. Rad1 Rad8 26. Kf2 Kg7 27. b4 Kf6
28. a4 Rc7 29. b5 cxb5 30. Bxb7 Rxb7 31. axb5 Rc7 32. Rc2 Rdc8 33. Rdc1 Rb7 34.
Ke2 Ke7 35. Kd3 Rcb8 36. Ra1 Rd8 37. Rca2 Rdd7 38. Kc3 Kd8 39. Rf1 Kc8 40. Rf4
Rd8 41. Rh4 Rh8 42. Kb4 Kb8 43. Rf2 Rd7 44. h3 Rg8 45. g4 fxg4 46. Rxg4 Rg5 47.
Rf6 Rh5 48. h4 Kb7 49. Rgf4 Kb8 50. Kc3 Rc7 51. Kd3 e5 52. dxe5 Rxe5 53. Rxf7
1-0

[Event "8. LGA Premium Cup 2011"]
[Site "Nürnberg"]
[Date "2011.09.09"]
[Round "3.61"]
[White "Guthmann, Peter"]
[Black "Neumann, Robert"]
[Result "1-0"]
[WhiteElo "2190"]
[BlackElo "1810"]
[PlyCount "51"]
[EventDate "2011.??.??"]
[WhiteTeam "FC Gunzenhausen 1910 e.V"]
[BlackTeam "SC Noris-Tarrasch Nürnberg 1873"]

1. e4 c5 2. Nf3 Nc6 3. Bb5 g6 4. Bxc6 dxc6 5. d3 Bg7 6. h3 e5 7. Be3 b6 8. Qd2
Ne7 9. Bh6 O-O 10. Bxg7 Kxg7 11. Nxe5 f6 12. Nf3 Qc7 13. Nc3 Be6 14. O-O-O Rad8
15. Qe3 h6 16. g4 Bg8 17. h4 Rfe8 18. g5 fxg5 19. hxg5 h5 20. Nh4 Nd5 21. Nxd5
cxd5 22. f4 dxe4 23. dxe4 Qf7 24. f5 Qxa2 25. Qc3+ Rd4 26. Rxd4 1-0

[Event "8. LGA Premium Cup 2011"]
[Site "Nürnberg"]
[Date "2011.09.09"]
[Round "3.62"]
[White "Berger, Stefan"]
[Black "Seyb, Alexander"]
[Result "0-1"]
[WhiteElo "2009"]
[BlackElo "2257"]
[PlyCount "152"]
[EventDate "2011.??.??"]
[WhiteTeam "SC Réti"]
[BlackTeam "SC Forchheim e.V."]

1. Nf3 Nf6 2. d4 e6 3. Bf4 c5 4. c3 cxd4 5. cxd4 b6 6. Nc3 Bb7 7. a3 a6 8. Rc1
Be7 9. g3 O-O 10. Bg2 d5 11. O-O Nc6 12. Ne5 Rc8 13. Nxc6 Rxc6 14. Na2 Rxc1 15.
Qxc1 Qd7 16. Qc7 Qxc7 17. Bxc7 Nd7 18. e3 Rc8 19. Rc1 Kf8 20. g4 Ke8 21. Bg3
Kd8 22. f3 f6 23. Be1 Rxc1 24. Nxc1 Nb8 25. Nd3 Nc6 26. Bc3 Kd7 27. h4 a5 28.
Bf1 Bd6 29. f4 Na7 30. Ne1 Bc6 31. Bd3 h6 32. Nf3 Bb5 33. Bc2 Ke7 34. Kf2 Ba6
35. Bd2 Bc7 36. g5 hxg5 37. hxg5 Nc8 38. gxf6+ gxf6 39. Bc3 Nd6 40. Nd2 Nb5 41.
Nb1 Nxc3 42. Nxc3 Bb7 43. Bd3 e5 44. fxe5 fxe5 45. Ke2 Ke6 46. Nb5 Bd8 47. dxe5
Kxe5 48. Nd4 Bf6 49. Kd2 Kd6 50. Kc2 Bc8 51. Nb5+ Kc5 52. Nc3 Bb7 53. Na4+ Kc6
54. Nc3 Kd6 55. Nb5+ Kc5 56. Nc3 Bc6 57. Bf5 b5 58. Be6 Bg5 59. Kd3 b4 60.
axb4+ axb4 61. Nd1 Bb5+ 62. Kd2 d4 63. b3 dxe3+ 64. Nxe3 Kd4 65. Kc2 Bxe3 66.
Kb2 Bc6 67. Bc4 Bd5 68. Bb5 Bg5 69. Kc2 Ke3 70. Bd7 Be4+ 71. Kb2 Kd2 72. Be6
Bf6+ 73. Ka2 Kc3 74. Bf7 Be7 75. Be6 Kc2 76. Bf7 Kc1 0-1

[Event "8. LGA Premium Cup 2011"]
[Site "Nürnberg"]
[Date "2011.09.09"]
[Round "3.63"]
[White "Melzner, Lukas"]
[Black "Baumann, Mathias"]
[Result "1-0"]
[WhiteElo "2117"]
[BlackElo "1859"]
[PlyCount "85"]
[EventDate "2011.??.??"]
[WhiteTeam "SK Klosterlechfeld"]
[BlackTeam "Spvg Zabo-Eintracht Nürnberg e.V"]

1. c4 c5 2. g3 g6 3. Bg2 Bg7 4. Nc3 Nc6 5. e3 Nf6 6. Nge2 e6 7. O-O O-O 8. a3
a6 9. Rb1 d6 10. b4 Ne5 11. d3 Rb8 12. f4 Ned7 13. h3 b6 14. e4 Ne8 15. Be3 Bb7
16. Qd2 Nc7 17. d4 cxd4 18. Bxd4 Bh6 19. Be3 Ne8 20. Rbc1 Rc8 21. Na4 Bc6 22.
Nb2 Ndf6 23. Nc3 Bg7 24. e5 Bxg2 25. exf6 Bxf1 26. fxg7 Nxg7 27. Rxf1 Qc7 28.
Ne4 Nf5 29. g4 Nxe3 30. Qxe3 f6 31. Qd4 e5 32. Qd5+ Kg7 33. Nxd6 Rcd8 34. fxe5
fxe5 35. Qxe5+ Kg8 36. Qe6+ Kg7 37. Qe5+ Kg8 38. Rxf8+ Rxf8 39. Qe6+ Kg7 40.
Nd3 Qb8 41. Qe5+ Kg8 42. Qd5+ Kg7 43. Nf4 1-0

[Event "8. LGA Premium Cup 2011"]
[Site "Nürnberg"]
[Date "2011.09.09"]
[Round "3.64"]
[White "Luther, Helmut"]
[Black "Saathoff, Richard"]
[Result "0-1"]
[WhiteElo "1878"]
[BlackElo "2111"]
[PlyCount "62"]
[EventDate "2011.??.??"]
[WhiteTeam "SW Nürnberg Süd e.V."]
[BlackTeam "SW Nürnberg Süd e.V."]

1. d4 Nf6 2. c4 g6 3. Nc3 Bg7 4. e4 d6 5. f3 O-O 6. Bg5 c5 7. d5 e6 8. Nge2
exd5 9. cxd5 a6 10. a4 Nbd7 11. Qd2 h6 12. Be3 Ne5 13. Nc1 Kh7 14. Be2 Qa5 15.
Ra3 Bd7 16. h3 g5 17. f4 gxf4 18. Bxf4 Rae8 19. O-O c4 20. Kh1 Qc7 21. Be3 b5
22. axb5 axb5 23. Ra7 Qc8 24. b4 Bxh3 25. Nxb5 Nxe4 26. Qe1 Bd7 27. Nc7 Re7 28.
Na8 Qb8 29. Ra3 Ng6 30. Nb6 Bb5 31. Ra5 Bc3 0-1

[Event "8. LGA Premium Cup 2011"]
[Site "Nürnberg"]
[Date "2011.09.09"]
[Round "3.65"]
[White "Millikan, Erlend"]
[Black "Bauer, Andreas"]
[Result "0-1"]
[WhiteElo "1741"]
[BlackElo "2084"]
[PlyCount "76"]
[EventDate "2011.??.??"]
[BlackTeam "SC Postbauer-Heng e.V"]

1. d4 Nf6 2. Nf3 g6 3. Bg5 Bg7 4. e3 O-O 5. c4 d6 6. Nc3 Nbd7 7. Bd3 h6 8. Bh4
c6 9. O-O Re8 10. h3 a6 11. a4 a5 12. Qc2 e5 13. Rad1 Qc7 14. Bg3 b6 15. b3 Bb7
16. Rfe1 Rad8 17. d5 cxd5 18. cxd5 Rc8 19. Bc4 Nc5 20. Nb5 Qb8 21. Qb1 Nxa4 22.
Qa1 Nc5 23. Nxd6 Qxd6 24. Bxe5 Qd8 25. d6 Ncd7 26. Bh2 Ng4 27. Qa2 Nxh2 28.
Nxh2 Qg5 29. f4 Qc5 30. Nf1 b5 31. Bd3 Bc3 32. b4 Qxb4 33. Bxg6 Qc4 34. Qb1
fxg6 35. Qxg6+ Bg7 36. Rc1 Qe4 37. Qxe4 Bxe4 38. Nd2 Bc3 0-1

[Event "8. LGA Premium Cup 2011"]
[Site "Nürnberg"]
[Date "2011.09.09"]
[Round "3.66"]
[White "Werner, Thomas"]
[Black "Stein, Marco"]
[Result "1/2-1/2"]
[WhiteElo "1930"]
[BlackElo "2046"]
[PlyCount "79"]
[EventDate "2011.??.??"]
[WhiteTeam "SW Nürnberg Süd e.V."]
[BlackTeam "SV Alsfeld"]

1. d4 Nf6 2. c4 c5 3. d5 e5 4. Nc3 d6 5. e4 Be7 6. h3 O-O 7. Nf3 Ne8 8. g4 g6
9. Bd3 Ng7 10. Bh6 Nd7 11. Qe2 Nf6 12. O-O-O a6 13. Nd2 Nfe8 14. f4 exf4 15.
Bxf4 Bg5 16. Bxg5 Qxg5 17. Kb1 Qe7 18. Nf3 f6 19. Rdg1 Bd7 20. g5 fxg5 21. e5
dxe5 22. Qxe5 Qxe5 23. Nxe5 Bf5 24. Rxg5 Nd6 25. Bxf5 Rxf5 26. Rxf5 Ngxf5 27.
Nd7 Nxc4 28. Nxc5 Rc8 29. N5e4 Ncd6 30. Nxd6 Nxd6 31. Kc2 Kf7 32. Kd3 Ke7 33.
Re1+ Kd7 34. Ne4 Nxe4 35. Rxe4 Rf8 36. Rb4 b5 37. Ke4 Rf5 38. Rb3 Kd6 39. Ra3
Re5+ 40. Kf4 1/2-1/2

[Event "8. LGA Premium Cup 2011"]
[Site "Nürnberg"]
[Date "2011.09.09"]
[Round "3.67"]
[White "Klek, Hanna-Marie"]
[Black "Osmanovic, Faruk"]
[Result "1/2-1/2"]
[WhiteElo "2160"]
[BlackElo "1979"]
[PlyCount "171"]
[EventDate "2011.??.??"]
[WhiteTeam "SC Erlangen 48/88 e.V."]
[BlackTeam "SC Blau.Turm Bad Wimpfen"]

1. e4 c5 2. Nf3 d6 3. d4 cxd4 4. Nxd4 Nf6 5. Nc3 a6 6. Bg5 e6 7. f4 Qc7 8. Bxf6
gxf6 9. Qf3 Nc6 10. O-O-O Bd7 11. Be2 O-O-O 12. f5 Be7 13. Qh3 Nxd4 14. Rxd4
Kb8 15. Bg4 Qc5 16. Rhd1 Qe5 17. Qh5 Be8 18. Kb1 Rg8 19. Bh3 Rg7 20. g3 Bc6 21.
Qh6 Bf8 22. Qd2 Be7 23. a3 Rgg8 24. Qh6 Rde8 25. Qh5 Rg7 26. Qf3 Rc8 27. Qd3
Rgg8 28. Qd2 h5 29. Re1 Bf8 30. Nd5 Bh6 31. Nf4 Rge8 32. Qf2 Bd7 33. Nd3 Qb5
34. Rxd6 Bf8 35. fxe6 Bxe6 36. Rb6 Qc4 37. Bxe6 fxe6 38. Rb3 Be7 39. e5 f5 40.
Re2 h4 41. Qb6 Qc6 42. Nf4 hxg3 43. Qxc6 Rxc6 44. Rxg3 Bd8 45. Rg6 Bc7 46. h4
Rc5 47. Nd3 Rc4 48. Rh2 Rg4 49. h5 b6 50. Kc1 Kc8 51. Kd2 Kd7 52. Rf6 Ke7 53.
Rg6 Rh8 54. Rxg4 fxg4 55. Rh4 g3 56. Nf4 Kf7 57. Ng6 Rxh5 58. Rxh5 Kxg6 59. Rh1
Bxe5 60. c3 Kf5 61. Ke2 Kg4 62. Rh7 Bf6 63. Rf7 Bh4 64. Rg7+ Kf4 65. Kf1 e5 66.
Kg2 e4 67. Rf7+ Kg4 68. Rb7 e3 69. Rxb6 Kf5 70. Rb8 Ke4 71. Re8+ Kd3 72. c4 e2
73. c5 Bg5 74. c6 Be3 75. Rd8+ Ke4 76. c7 e1=Q 77. c8=Q Qe2+ 78. Kh3 Qh5+ 79.
Kxg3 Bf4+ 80. Kf2 Be3+ 81. Ke1 Qh1+ 82. Ke2 Qf3+ 83. Ke1 Qh1+ 84. Ke2 Qf3+ 85.
Ke1 Qh1+ 86. Ke2 1/2-1/2

[Event "8. LGA Premium Cup 2011"]
[Site "Nürnberg"]
[Date "2011.09.09"]
[Round "3.68"]
[White "Wolf, Richard"]
[Black "Adelhütte, Dennis"]
[Result "0-1"]
[WhiteElo "2159"]
[BlackElo "1950"]
[PlyCount "122"]
[EventDate "2011.??.??"]
[WhiteTeam "SK Schweinfurt 2000 e.V."]
[BlackTeam "SC Erlangen 48/88 e.V."]

1. e4 e6 2. d4 d5 3. Nc3 Nf6 4. e5 Nfd7 5. f4 c5 6. Nf3 Nc6 7. Be3 Qb6 8. Na4
Qa5+ 9. c3 cxd4 10. b4 Nxb4 11. cxb4 Bxb4+ 12. Bd2 Bxd2+ 13. Nxd2 O-O 14. Bd3
b5 15. Nb2 Nb6 16. O-O Nc4 17. Nb3 Qa3 18. Nxc4 bxc4 19. Bc2 d3 20. Bb1 cxb3
21. Qxd3 g6 22. Qxb3 Qxb3 23. axb3 Bd7 24. Bd3 Rfb8 25. Ra3 Bb5 26. Bxb5 Rxb5
27. Rc1 a5 28. Rc7 Rab8 29. Rc3 Kf8 30. Kf2 Ke8 31. g4 Kf8 32. Kg3 Ke8 33. Kf3
Kf8 34. Kg3 d4 35. Rd3 Rc8 36. Rxd4 Rc3+ 37. Kh4 Rcxb3 38. Rxb3 Rxb3 39. Rd8+
Kg7 40. Ra8 Ra3 41. Ra7 Rf3 42. Rxa5 Rxf4 43. Kg3 Rd4 44. Ra7 Rd3+ 45. Kf4 Rd4+
46. Kf3 g5 47. h3 Rd3+ 48. Kg2 Rd5 49. Ra8 Rxe5 50. Rb8 Re3 51. Ra8 f5 52. Ra7+
Kg6 53. Re7 f4 54. Re8 e5 55. Kh2 e4 56. Kg2 f3+ 57. Kf1 Re2 58. Re5 e3 59.
Re6+ Kf7 60. Re4 Rf2+ 61. Kg1 Rg2+ 0-1